妳想要的,只是我的後悔嗎?
| 資料類型: | 圖書 | 書目號: | 48260 |
Leader xxxxxxxxxx 001 __ PCLIS00048260 005 __ 20210721114852.0 010 1_ |a978-957-33-3073-8|b平裝|dNT$220 100 __ |a20140524d2014 m y0chiy09 e 101 0_ |achi 102 __ |atw 105 __ |aa z 000ay 200 1_ |a妳想要的,只是我的後悔嗎?|f橘子作 205 __ |a初版 210 __ |a臺北市|c皇冠|d2014[民103] 215 1_ |a285面|d21公分 225 2_ |a橘子作品|v1 225 1_ |a皇冠叢書|v第4390種 410 _1 |12001 |a橘子作品 681 __ |a857.7|b844 700 _0 |a橘子|d1979- |e作 801 __ |bCKZ 801 _1 |atw|b內湖高中|c20150428|gCCR 801 _2 |atw|b內湖高中|c20210713|gCCR |